[Event "Lira Vendrellenca Vs Barbera"]
[Site "Vendrell"]
[Date "2023.03.04"]
[Round "7.1"]
[White "Almeida Quintana, Omar"]
[Black "Cuartas Medina, Jaime Alexander"]
[Result "1/2-1/2"]
[TimeControl "90'+30\""]
[WhiteTitle "GM"]
[BlackTitle "GM"]
[WhiteFideId "3503313"]
[BlackFideId "4401190"]
[WhiteElo "2531"]
[BlackElo "2507"]

1. d4 {[%clk 01:30:14]} {[%emt 01:36:50]} Nf6 {[%clk 01:30:54]} 2. Nf3 {[%clk
01:30:30]} e6 {[%emt 00:00:02]} 3. c4 {[%clk 01:30:27]} Bb4+ {[%clk 01:31:40]}
4. Bd2 {[%clk 01:30:23]} Qe7 5. g3 {[%clk 01:30:34]} Nc6 6. Bg2 {[%clk
01:29:14]} Bxd2+ 7. Nbxd2 {[%clk 01:29:19]} d6 {[%clk 01:32:58]} 8. O-O {[%clk
01:29:41]} a5 {[%clk 01:33:22]} 9. Nb1 {[%clk 01:27:34]} {[%emt 00:02:26]} e5
{[%clk 01:33:13]} {[%emt 00:00:39]} 10. Nc3 {[%clk 01:27:20]} {[%emt 00:00:45]}
O-O {[%clk 01:33:18]} {[%emt 00:00:26]} 11. h3 {[%clk 01:26:03]} {[%emt
00:01:46]} h6 {[%clk 01:33:21]} {[%emt 00:00:27]} 12. e4 {[%clk 01:25:54]}
{[%emt 00:00:39]} Bd7 {[%clk 01:30:43]} {[%emt 00:07:56]} 13. d5 {[%clk
01:20:40]} {[%emt 00:00:56]} Nb4 {[%clk 01:30:46]} {[%emt 00:00:27]} 14. Ne1
{[%clk 01:21:02]} {[%emt 00:00:08]} c6 {[%clk 01:30:41]} {[%emt 00:00:35]} 15.
a3 {[%clk 01:20:33]} {[%emt 00:00:59]} Na6 {[%clk 01:31:02]} {[%emt 00:00:09]}
16. Nd3 {[%clk 01:20:26]} {[%emt 00:00:36]} cxd5 {[%clk 01:31:16]} {[%emt
00:00:17]} 17. cxd5 {[%clk 01:18:52]} {[%emt 00:02:04]} Rfc8 {[%clk 01:30:06]}
{[%emt 00:01:40]} 18. f4 {[%clk 01:09:56]} {[%emt 00:09:26]} b5 {[%clk
01:28:04]} {[%emt 00:02:32]} 19. Kh2 {[%clk 01:06:18]} {[%emt 00:07:43]} Nc5
{[%clk 01:19:08]} {[%emt 00:05:51]} 20. fxe5 {[%clk 01:00:57]} {[%emt
00:05:51]} dxe5 {[%clk 01:19:30]} {[%emt 00:00:08]} 21. Rc1 {[%clk 00:54:52]}
{[%emt 00:06:34]} Ne8 {[%clk 01:14:20]} {[%emt 00:05:42]} 22. Nb1 {[%clk
00:46:22]} {[%emt 00:08:59]} Nxd3 {[%clk 01:13:41]} {[%emt 00:01:09]} 23. Qxd3
{[%clk 00:46:50]} {[%emt 00:00:02]} Nd6 {[%clk 01:13:57]} {[%emt 00:00:15]} 24.
Nd2 {[%clk 00:46:47]} {[%emt 00:00:33]} b4 {[%clk 01:12:13]} {[%emt 00:02:15]}
25. Qe3 {[%clk 00:46:52]} {[%emt 00:00:24]} Bb5 {[%clk 01:12:29]} {[%emt
00:00:13]} 26. Rfe1 {[%clk 00:46:31]} {[%emt 00:00:51]} Qg5 {[%clk 01:09:40]}
{[%emt 00:03:19]} 27. Qf2 {[%clk 00:43:35]} {[%emt 00:03:26]} Qd8 {[%clk
01:04:26]} {[%emt 00:06:14]} 28. h4 {[%clk 00:41:13]} {[%emt 00:02:23]} Bd3
{[%clk 00:59:16]} {[%emt 00:05:40]} 29. Qe3 {[%clk 00:35:02]} {[%emt 00:06:41]}
Bc2 {[%clk 00:57:58]} {[%emt 00:01:49]} 30. Rf1 {[%clk 00:27:36]} {[%emt
00:07:55]} Rab8 {[%clk 00:56:08]} {[%emt 00:02:20]} 31. Rf2 {[%clk 00:25:08]}
{[%emt 00:02:58]} b3 {[%clk 00:47:14]} {[%emt 00:12:58]} 32. Bh3 {[%clk
00:22:01]} {[%emt 00:00:03]} Rc7 {[%clk 00:44:27]} {[%emt 00:03:17]} 33. Bf1
{[%clk 00:22:19]} {[%emt 00:00:12]} a4 {[%clk 00:44:21]} {[%emt 00:00:36]} 34.
Re1 {[%clk 00:18:31]} {[%emt 00:04:17]} Qc8 {[%clk 00:40:49]} {[%emt 00:11:20]}
35. Bh3 {[%clk 00:14:45]} Qa6 {[%clk 00:40:41]} 36. Bf1 {[%clk 00:14:10]} Qa5
{[%clk 00:39:37]} {[%emt 00:00:16]} 37. g4 {[%emt 00:01:39]} Qc5 {[%clk
00:34:28]} {[%emt 00:04:45]} 38. Qxc5 {[%clk 00:13:35]} {[%emt 00:00:49]} Rxc5
{[%clk 00:34:53]} {[%emt 00:00:06]} 39. Kg3 {[%clk 00:12:56]} {[%emt 00:01:08]}
f6 {[%clk 00:33:14]} {[%emt 00:02:10]} 40. Rf3 {[%clk 00:10:03]} {[%emt
00:03:23]} Kh7 {[%clk 00:32:16]} {[%emt 00:01:28]} 41. h5 {[%clk 00:09:24]}
{[%emt 00:01:09]} Kg8 {[%clk 00:32:23]} {[%emt 00:00:22]} 42. Rfe3 {[%clk
00:09:31]} {[%emt 00:00:23]} Kf8 {[%clk 00:32:36]} {[%emt 00:00:17]} 43. Kf2
{[%clk 00:09:29]} {[%emt 00:00:33]} Ke7 {[%clk 00:32:23]} {[%emt 00:00:43]} 44.
Be2 {[%clk 00:09:43]} {[%emt 00:00:16]} Rg8 {[%clk 00:28:55]} {[%emt 00:03:58]}
45. Rh1 {[%clk 00:09:59]} {[%emt 00:00:14]} Kd7 {[%clk 00:26:19]} {[%emt
00:03:06]} 46. Rhh3 {[%clk 00:08:42]} {[%emt 00:01:47]} Rgc8 {[%clk 00:25:55]}
{[%emt 00:00:55]} 47. Rh1 {[%clk 00:08:24]} {[%emt 00:00:48]} Kc7 {[%clk
00:26:07]} {[%emt 00:00:18]} 48. Ba6 {[%clk 00:08:47]} {[%emt 00:00:07]} Rd8
{[%clk 00:25:47]} {[%emt 00:00:50]} 49. Be2 {[%clk 00:09:10]} {[%emt 00:00:06]}
Kb6 {[%clk 00:26:11]} {[%emt 00:00:06]} 50. Kf3 {[%clk 00:08:59]} {[%emt
00:00:41]} Ka5 {[%clk 00:26:07]} {[%emt 00:00:34]} 51. Kf2 {[%clk 00:09:04]}
{[%emt 00:00:26]} Rg8 {[%clk 00:24:15]} {[%emt 00:02:21]} 52. Rg1 {[%clk
00:08:56]} {[%emt 00:03:53]} Kb6 {[%clk 00:21:51]} 53. Rh1 {[%clk 00:09:04]}
{[%emt 00:00:02]} Rgc8 {[%clk 00:21:45]} {[%emt 00:00:36]} 54. Rhh3 {[%clk
00:08:24]} {[%emt 00:01:10]} Nf7 {[%clk 00:21:17]} {[%emt 00:00:59]} 55. Rh1
{[%clk 00:08:06]} {[%emt 00:00:48]} Ng5 {[%clk 00:21:29]} {[%emt 00:00:17]} 56.
Re1 {[%clk 00:08:08]} {[%emt 00:00:27]} Kc7 {[%clk 00:21:38]} {[%emt 00:00:21]}
57. Ba6 {[%clk 00:07:53]} {[%emt 00:00:46]} Rb8 {[%clk 00:21:31]} {[%emt
00:00:37]} 58. Bf1 {[%clk 00:07:43]} {[%emt 00:00:39]} Kd8 {[%clk 00:21:26]}
{[%emt 00:00:36]} 59. Nc4 {[%clk 00:06:49]} {[%emt 00:01:25]} Ke7 {[%clk
00:18:48]} {[%emt 00:03:07]} 60. Nd2 {[%clk 00:06:58]} {[%emt 00:00:22]} Rbc8
{[%clk 00:18:39]} {[%emt 00:00:40]} 61. Ba6 {[%clk 00:06:50]} {[%emt 00:00:37]}
R8c7 {[%clk 00:17:38]} {[%emt 00:01:32]} 62. Be2 {[%clk 00:06:46]} {[%emt
00:00:33]} Nf7 {[%clk 00:17:27]} {[%emt 00:00:40]} 63. Nf1 {[%clk 00:05:43]}
{[%emt 00:01:33]} Ng5 {[%clk 00:17:41]} {[%emt 00:00:16]} 64. Nd2 {[%clk
00:06:07]} {[%emt 00:00:06]} Kf8 {[%clk 00:17:48]} {[%emt 00:00:23]} 65. Bf1
{[%clk 00:06:15]} {[%emt 00:00:22]} Nf7 {[%clk 00:17:50]} {[%emt 00:00:28]} 66.
Be2 {[%clk 00:06:28]} {[%emt 00:00:16]} Nd6 {[%clk 00:18:11]} {[%emt 00:00:10]}
67. Bf1 {[%clk 00:06:54]} {[%emt 00:00:05]} Kg8 {[%clk 00:17:52]} {[%emt
00:03:13]} 68. Be2 {[%clk 00:07:00]} Kh7 {[%clk 00:18:15]} 69. Rh1 {[%clk
00:07:27]} Rf7 {[%clk 00:16:56]} 70. Kf3 {[%clk 00:06:24]} {[%emt 00:01:31]}
Rfc7 {[%clk 00:16:05]} {[%emt 00:01:21]} 71. Kf2 {[%clk 00:06:40]} {[%emt
00:00:13]} Kh8 {[%clk 00:16:15]} {[%emt 00:00:20]} 72. Re1 {[%clk 00:06:18]}
{[%emt 00:00:53]} Kg8 {[%clk 00:16:02]} {[%emt 00:00:43]} 73. Bf1 {[%clk
00:06:36]} {[%emt 00:00:11]} Rc8 {[%clk 00:15:55]} {[%emt 00:00:37]} 74. Ba6
{[%clk 00:06:47]} {[%emt 00:00:19]} R8c7 {[%clk 00:16:18]} {[%emt 00:00:07]} 75.
Bf1 {[%clk 00:07:12]} {[%emt 00:00:05]} 1/2-1/2

[Event "Lira Vendrellenca Vs Barbera"]
[Site "Vendrell"]
[Date "2023.03.04"]
[Round "7.2"]
[White "Asis Gargatagli, Hipolito"]
[Black "Munoz, Miguel"]
[Result "1-0"]
[TimeControl "90'+30\""]
[WhiteTitle "GM"]
[BlackTitle "GM"]
[WhiteFideId "2260735"]
[BlackFideId "3800229"]
[WhiteElo "2501"]
[BlackElo "2359"]

1. e4 {[%emt 00:15:04]} d5 2. exd5 Qxd5 3. Nc3 Qd6 4. d4 {[%clk 01:12:28]} Nf6
{[%clk 01:30:51]} 5. Nf3 {[%clk 01:12:35]} {[%emt 00:00:15]} c6 {[%clk
01:32:20]} {[%emt 00:00:11]} 6. h3 {[%clk 01:11:18]} {[%emt 00:01:48]} Bf5
{[%clk 01:30:20]} {[%emt 00:02:30]} 7. Nh4 {[%clk 01:11:08]} {[%emt 00:00:40]}
Bc8 {[%clk 01:30:03]} {[%emt 00:00:46]} 8. Bc4 {[%clk 01:08:18]} {[%emt
00:03:20]} Be6 {[%clk 01:28:04]} {[%emt 00:02:29]} 9. Bb3 {[%clk 01:03:51]}
{[%emt 00:04:58]} Bxb3 {[%clk 01:28:10]} {[%emt 00:00:24]} 10. axb3 {[%clk
01:04:13]} {[%emt 00:00:08]} e6 {[%clk 01:27:45]} {[%emt 00:00:54]} 11. O-O
{[%clk 01:03:58]} {[%emt 00:00:46]} Be7 {[%clk 01:28:07]} {[%emt 00:00:08]} 12.
Nf3 {[%clk 00:57:43]} {[%emt 00:08:16]} O-O {[%clk 01:25:46]} {[%emt 00:01:18]}
13. Qe2 {[%clk 00:48:43]} {[%emt 00:09:32]} Nbd7 {[%clk 01:25:23]} {[%emt
00:00:52]} 14. Rd1 {[%clk 00:49:02]} {[%emt 00:00:12]} Qc7 {[%clk 01:25:33]}
{[%emt 00:00:20]} 15. Ne5 {[%clk 00:45:50]} {[%emt 00:03:44]} Bd6 {[%clk
01:18:12]} {[%emt 00:07:50]} 16. Bf4 {[%clk 00:41:49]} {[%emt 00:04:31]} Rfe8
{[%clk 01:15:18]} {[%emt 00:03:23]} 17. Rd3 {[%clk 00:40:56]} {[%emt 00:01:23]}
Nd5 {[%clk 01:14:24]} {[%emt 00:01:23]} 18. Bg3 {[%clk 00:39:36]} {[%emt
00:01:52]} f5 {[%clk 01:01:13]} {[%emt 00:13:41]} 19. Nxd7 {[%clk 00:37:47]}
{[%emt 00:02:19]} Qxd7 {[%clk 01:00:24]} {[%emt 00:01:18]} 20. Bxd6 {[%clk
00:36:56]} {[%emt 00:01:21]} Qxd6 {[%clk 01:00:10]} {[%emt 00:00:44]} 21. Nxd5
{[%clk 00:34:17]} {[%emt 00:03:10]} exd5 {[%clk 00:59:27]} {[%emt 00:01:11]} 22.
Re3 {[%clk 00:34:41]} {[%emt 00:00:06]} Rxe3 {[%clk 00:58:25]} {[%emt
00:01:32]} 23. Qxe3 {[%clk 00:35:05]} {[%emt 00:00:06]} a6 {[%clk 00:57:50]}
{[%emt 00:01:05]} 24. Re1 {[%clk 00:32:23]} {[%emt 00:03:12]} Kf7 {[%clk
00:50:29]} {[%emt 00:07:50]} 25. Qg5 {[%clk 00:30:02]} {[%emt 00:02:52]} Qd7
{[%clk 00:47:59]} {[%emt 00:03:00]} 26. Re5 {[%clk 00:28:51]} {[%emt 00:01:41]}
g6 {[%clk 00:48:15]} {[%emt 00:00:14]} 27. Qh4 {[%clk 00:26:13]} {[%emt
00:05:56]} h5 {[%clk 00:47:43]} 28. Qg5 {[%clk 00:23:51]} {[%emt 00:01:05]} Re8
{[%clk 00:47:41]} {[%emt 00:00:31]} 29. Qh6 {[%clk 00:21:42]} {[%emt 00:05:13]}
Kf6 {[%clk 00:45:39]} 30. h4 {[%clk 00:20:04]} {[%emt 00:02:07]} Qf7 {[%clk
00:42:08]} {[%emt 00:04:01]} 31. Qe3 {[%clk 00:20:12]} {[%emt 00:00:22]} Re6
{[%clk 00:42:04]} {[%emt 00:00:33]} 32. Rxf5+ {[%emt 00:00:23]} 1-0

[Event "Lira Vendrellenca Vs Barbera"]
[Site "Vendrell"]
[Date "2023.03.04"]
[Round "7.3"]
[White "Avila Jimenez, Xavier"]
[Black "Rizouk, Aimen"]
[Result "1-0"]
[TimeControl "90'+30\""]
[WhiteTitle "FM"]
[BlackTitle "GM"]
[WhiteFideId "2210533"]
[BlackFideId "7900309"]
[WhiteElo "2129"]
[BlackElo "2454"]

1. d4 {[%clk 01:30:53]} {[%emt 00:12:17]} Nf6 {[%clk 01:30:54]} 2. c4 {[%clk
01:30:58]} e6 {[%clk 01:31:10]} 3. Nc3 {[%clk 01:30:59]} Bb4 {[%clk 01:31:37]}
{[%emt 00:00:01]} 4. f3 d5 5. a3 Bxc3+ 6. bxc3 c5 7. cxd5 Nxd5 8. dxc5 Qa5 9.
e4 Nf6 10. Be3 O-O 11. a4 Nfd7 12. Kf2 {[%clk 01:30:39]} Nxc5 {[%clk 01:32:03]}
13. Qd6 {[%emt 00:29:47]} Nxa4 14. Be2 Bd7 15. Nh3 Rc8 16. Rhd1 Be8 17. Qg3 Nc6
18. Rxa4 {[%clk 01:03:52]} Qxa4 {[%clk 01:29:19]} 19. Bh6 {[%emt 01:21:39]} g6
20. Qd6 Bd7 21. Qf4 Qa5 22. Rxd7 Rf8 23. Bxf8 Rxf8 24. Qh6 Qc5+ 25. Kf1 {[%clk
00:32:16]} Qxc3 {[%clk 00:49:49]} 26. Ng5 {[%clk 00:32:16]} Qa1+ {[%clk
00:49:49]} 27. Kf2 {[%clk 00:32:16]} Qh8 {[%clk 00:49:49]} 28. Rxb7 {[%clk
00:32:16]} a5 {[%clk 00:49:49]} 29. Rc7 {[%clk 00:32:16]} Nd8 {[%clk 00:49:49]}
30. Bb5 {[%clk 00:32:16]} Qd4+ {[%clk 00:49:49]} 31. Kg3 {[%clk 00:32:16]} Qe5+
{[%clk 00:49:49]} 32. f4 {[%clk 00:32:16]} Qh8 {[%clk 00:49:49]} 33. e5 {[%clk
00:32:16]} Qg7 {[%clk 00:49:49]} 34. Qxg7+ {[%clk 00:07:04]} {[%emt 01:03:12]}
Kxg7 {[%clk 00:26:22]} 35. Ra7 {[%clk 00:07:04]} h6 {[%clk 00:26:22]} 36. Ne4
{[%clk 00:07:04]} g5 {[%clk 00:26:22]} 37. fxg5 {[%clk 00:07:04]} 1-0

[Event "Lira Vendrellenca Vs Barbera"]
[Site "Vendrell"]
[Date "2023.03.04"]
[Round "7.4"]
[White "Lorenzo De La Riva, Lazaro"]
[Black "Ayas Fernandez, Antonio"]
[Result "1/2-1/2"]
[TimeControl "90'+30\""]
[WhiteTitle "IM"]
[BlackTitle "FM"]
[WhiteFideId "2268809"]
[BlackFideId "2201119"]
[WhiteElo "2420"]
[BlackElo "2185"]

1. e4 {[%clk 01:11:51]} {[%emt 00:15:04]} c5 {[%clk 01:30:40]} 2. Nf3 {[%clk
01:12:00]} e6 3. g3 {[%clk 01:11:39]} {[%emt 00:00:06]} d5 {[%clk 01:27:33]}
{[%emt 00:03:36]} 4. exd5 {[%clk 01:10:38]} {[%emt 00:01:31]} exd5 {[%clk
01:27:54]} {[%emt 00:00:08]} 5. d4 {[%clk 01:10:33]} {[%emt 00:00:35]} Nf6
{[%clk 01:27:14]} {[%emt 00:01:11]} 6. Bg2 {[%clk 01:10:46]} {[%emt 00:00:17]}
Be7 {[%clk 01:25:35]} {[%emt 00:02:08]} 7. O-O {[%clk 01:11:05]} {[%emt
00:00:11]} O-O {[%clk 01:25:50]} {[%emt 00:00:15]} 8. Nc3 {[%clk 01:08:55]}
{[%emt 00:02:40]} Nc6 {[%clk 01:23:10]} {[%emt 00:03:10]} 9. dxc5 {[%clk
01:08:54]} {[%emt 00:00:31]} Bxc5 {[%clk 01:22:01]} {[%emt 00:01:38]} 10. Qd3
{[%emt 00:09:33]} Nb4 {[%clk 01:03:30]} {[%emt 00:11:49]} 11. Qb5 {[%clk
01:07:03]} {[%emt 00:00:30]} Qb6 {[%clk 01:03:14]} {[%emt 00:00:47]} 12. Bg5
{[%clk 01:06:46]} {[%emt 00:00:47]} Ne4 {[%clk 00:46:47]} {[%emt 00:16:57]} 13.
Qxb6 {[%clk 01:06:21]} {[%emt 00:00:55]} axb6 {[%clk 00:46:20]} {[%emt
00:00:57]} 14. Nxe4 {[%clk 01:04:28]} {[%emt 00:02:23]} dxe4 {[%clk 00:46:31]}
{[%emt 00:00:19]} 15. Nd2 {[%clk 01:04:49]} {[%emt 00:00:09]} Nxc2 {[%clk
00:41:30]} {[%emt 00:05:31]} 16. Rac1 {[%clk 01:05:17]} {[%emt 00:00:02]} Nd4
{[%clk 00:39:17]} {[%emt 00:02:43]} 17. Rfe1 {[%clk 01:05:44]} {[%emt
00:00:02]} Bg4 {[%clk 00:35:57]} {[%emt 00:03:50]} 18. Rxe4 {[%emt 00:04:05]}
Ne2+ {[%clk 00:32:58]} 19. Kf1 {[%clk 01:06:10]} Nxc1 {[%clk 00:31:40]} {[%emt
00:01:47]} 20. Rxg4 {[%clk 01:06:38]} {[%emt 00:00:02]} f5 {[%clk 00:29:45]}
{[%emt 00:02:25]} 21. Rh4 {[%clk 01:03:37]} {[%emt 00:03:31]} Nxa2 {[%clk
00:28:55]} {[%emt 00:01:19]} 22. Bd5+ {[%clk 01:03:27]} {[%emt 00:00:40]} Kh8
{[%clk 00:29:17]} {[%emt 00:00:08]} 23. Nf3 {[%clk 01:03:44]} {[%emt 00:00:12]}
Nb4 {[%clk 00:28:41]} {[%emt 00:01:06]} 24. Bc4 {[%clk 01:03:48]} {[%emt
00:00:27]} Nc6 {[%clk 00:27:18]} {[%emt 00:01:53]} 25. Bd2 {[%clk 01:04:01]}
{[%emt 00:00:18]} Be7 {[%clk 00:21:59]} {[%emt 00:05:49]} 26. Rh5 {[%clk
01:03:54]} {[%emt 00:00:36]} g6 {[%clk 00:20:18]} {[%emt 00:02:10]} 27. Rh3
{[%clk 01:04:23]} {[%emt 00:00:02]} h5 {[%clk 00:19:44]} {[%emt 00:01:04]} 28.
Ng5 {[%clk 01:04:12]} {[%emt 00:00:41]} Bxg5 {[%clk 00:15:04]} {[%emt
00:05:10]} 29. Bxg5 {[%clk 01:04:40]} {[%emt 00:00:02]} Ne5 {[%clk 00:15:13]}
{[%emt 00:00:21]} 30. Bd5 {[%clk 01:04:38]} {[%emt 00:00:30]} Kh7 {[%clk
00:14:07]} {[%emt 00:01:36]} 31. Rh4 {[%emt 00:04:04]} Ng4 {[%clk 00:09:46]}
{[%emt 00:01:09]} 32. h3 {[%clk 01:03:53]} {[%emt 00:05:40]} Nf6 {[%clk
00:08:58]} 33. Bxb7 {[%clk 01:04:09]} Ra1+ {[%clk 00:07:05]} 34. Kg2 {[%clk
01:04:31]} Ne4 {[%clk 00:07:08]} {[%emt 00:00:14]} 35. Bxe4 {[%clk 01:04:53]}
{[%emt 00:00:08]} fxe4 {[%clk 00:07:33]} {[%emt 00:00:06]} 36. Rxe4 {[%clk
01:05:16]} {[%emt 00:00:07]} Ra7 {[%clk 00:05:36]} {[%emt 00:02:27]} 37. Be3
{[%clk 01:04:59]} {[%emt 00:00:47]} Rb7 {[%clk 00:05:38]} {[%emt 00:00:27]} 38.
Re6 {[%clk 01:05:02]} {[%emt 00:00:28]} b5 {[%clk 00:05:45]} {[%emt 00:00:23]}
39. b4 {[%clk 01:05:26]} {[%emt 00:00:06]} Rf5 {[%clk 00:04:28]} {[%emt
00:01:48]} 40. Re8 {[%clk 01:05:39]} {[%emt 00:00:16]} Kg7 {[%clk 00:02:39]}
{[%emt 00:02:20]} 41. Rd8 {[%clk 01:04:35]} {[%emt 00:01:33]} Kf7 {[%clk
00:02:51]} {[%emt 00:00:19]} 42. Bc5 {[%clk 01:03:31]} Rxc5 43. bxc5 {[%clk
01:03:59]} b4 {[%clk 00:02:02]} 44. c6 {[%clk 01:03:49]} Rc7 {[%clk 00:02:23]}
45. Rb8 {[%clk 01:04:04]} Rxc6 {[%clk 00:02:45]} 46. Rxb4 {[%clk 01:04:29]} Rc3
47. Rb6 {[%clk 01:03:49]} Kg7 {[%clk 00:03:18]} 48. Rb7+ {[%clk 01:04:08]} Kf6
49. h4 {[%clk 01:03:48]} Ra3 {[%clk 00:03:40]} 50. Rb6+ {[%clk 01:04:11]} Kg7
{[%clk 00:03:57]} 51. Rb4 {[%clk 01:04:38]} {[%emt 00:00:02]} Rc3 {[%clk
00:04:09]} {[%emt 00:00:18]} 52. Rf4 {[%clk 01:05:06]} {[%emt 00:00:03]} Ra3
{[%clk 00:04:10]} {[%emt 00:01:32]} 53. Rf3 Ra2 {[%clk 00:03:17]} {[%emt
00:00:21]} 54. Rb3 {[%clk 01:06:01]} {[%emt 00:00:03]} Rc2 {[%clk 00:03:09]}
{[%emt 00:00:38]} 55. Kf3 {[%clk 01:06:29]} {[%emt 00:00:02]} Kf6 {[%clk
00:03:14]} {[%emt 00:00:25]} 56. Rb6+ {[%clk 01:06:35]} {[%emt 00:00:24]} Kf5
{[%clk 00:03:29]} {[%emt 00:00:16]} 57. Rb3 {[%clk 01:06:22]} {[%emt 00:00:42]}
Rc6 {[%clk 00:03:10]} {[%emt 00:00:49]} 58. Rd3 {[%clk 01:06:23]} {[%emt
00:00:29]} Ra6 {[%clk 00:03:10]} {[%emt 00:00:31]} 59. Ke3 {[%clk 01:06:42]}
{[%emt 00:00:11]} Re6+ {[%clk 00:02:45]} {[%emt 00:00:55]} 60. Kd2 {[%clk
01:07:10]} {[%emt 00:00:01]} Rc6 {[%clk 00:02:44]} {[%emt 00:00:31]} 61. Rf3+
{[%clk 01:07:38]} {[%emt 00:00:03]} Ke6 {[%clk 00:02:55]} {[%emt 00:00:20]} 62.
Ke3 {[%clk 01:07:49]} {[%emt 00:00:19]} Rc3+ {[%clk 00:02:29]} {[%emt
00:00:56]} 63. Ke2 {[%clk 01:08:02]} {[%emt 00:00:16]} Rc2+ {[%clk 00:02:33]}
{[%emt 00:00:26]} 64. Kf1 {[%clk 01:08:30]} {[%emt 00:00:02]} Ra2 {[%clk
00:02:41]} {[%emt 00:00:23]} 65. Kg2 {[%clk 01:08:58]} {[%emt 00:00:03]} Rc2
{[%clk 00:02:07]} {[%emt 00:01:04]} 66. Rf4 {[%clk 01:09:13]} {[%emt 00:00:15]}
Rc3 {[%clk 00:02:16]} {[%emt 00:00:21]} 67. Kh3 {[%clk 01:09:25]} {[%emt
00:00:17]} Ra3 {[%clk 00:02:14]} {[%emt 00:00:32]} 68. f3 {[%clk 01:09:42]}
{[%emt 00:00:13]} Rc3 {[%clk 00:02:14]} {[%emt 00:00:30]} 69. g4 {[%clk
01:10:00]} {[%emt 00:00:12]} hxg4+ {[%clk 00:02:09]} {[%emt 00:00:35]} 70. Kxg4
{[%clk 01:10:26]} {[%emt 00:00:04]} Rc5 {[%clk 00:02:24]} {[%emt 00:00:15]} 71.
Ra4 {[%clk 01:10:11]} {[%emt 00:00:45]} Kf6 {[%clk 00:02:15]} {[%emt 00:00:39]}
72. Ra7 {[%clk 01:10:29]} {[%emt 00:00:12]} Rb5 {[%clk 00:02:31]} {[%emt
00:00:14]} 73. Kg3 {[%clk 01:10:20]} {[%emt 00:00:40]} Rc5 {[%clk 00:02:23]}
{[%emt 00:00:37]} 74. Ra6+ {[%clk 01:10:07]} {[%emt 00:00:43]} Kf7 {[%clk
00:02:41]} {[%emt 00:00:12]} 75. Kg4 {[%clk 01:10:34]} {[%emt 00:00:02]} Rb5
{[%clk 00:02:55]} {[%emt 00:00:16]} 76. Ra4 {[%clk 01:11:01]} {[%emt 00:00:03]}
Kf6 {[%clk 00:02:53]} {[%emt 00:00:33]} 77. Rf4+ {[%clk 01:11:11]} {[%emt
00:00:20]} Kg7 {[%clk 00:02:57]} {[%emt 00:00:26]} 78. Re4 {[%clk 01:11:10]}
{[%emt 00:00:31]} Kf6 {[%clk 00:02:59]} {[%emt 00:00:27]} 79. Re1 {[%clk
01:11:36]} {[%emt 00:00:05]} Rb4+ {[%clk 00:03:01]} {[%emt 00:00:29]} 80. Kg3
{[%clk 01:11:59]} {[%emt 00:00:07]} Ra4 {[%clk 00:03:16]} {[%emt 00:00:14]} 81.
Re4 {[%clk 01:12:17]} {[%emt 00:00:12]} Ra5 {[%clk 00:03:29]} {[%emt 00:00:17]}
82. Rf4+ {[%clk 01:12:39]} {[%emt 00:00:08]} Kg7 {[%clk 00:03:51]} {[%emt
00:00:09]} 83. Rg4 {[%clk 01:13:06]} {[%emt 00:00:02]} Kf6 {[%clk 00:03:53]}
{[%emt 00:00:27]} 84. Kh3 {[%clk 01:13:28]} {[%emt 00:00:09]} Rb5 {[%clk
00:03:48]} {[%emt 00:00:35]} 85. Ra4 {[%clk 01:12:55]} {[%emt 00:01:03]} Rc5
{[%clk 00:04:01]} {[%emt 00:00:17]} 86. Kg4 {[%clk 01:13:21]} {[%emt 00:00:05]}
Rb5 {[%clk 00:04:14]} {[%emt 00:00:16]} 87. f4 {[%clk 01:13:50]} {[%emt
00:00:01]} Rc5 {[%clk 00:03:59]} {[%emt 00:00:44]} 88. Ra6+ {[%clk 01:14:15]}
{[%emt 00:00:05]} Kf7 {[%clk 00:04:18]} {[%emt 00:00:12]} 89. Ra2 {[%clk
01:14:31]} {[%emt 00:00:14]} Kf6 {[%clk 00:04:37]} {[%emt 00:00:10]} 90. Ra6+
{[%clk 01:14:51]} {[%emt 00:00:11]} Kf7 {[%clk 00:05:01]} {[%emt 00:00:06]} 91.
Ra8 {[%clk 01:15:09]} {[%emt 00:00:12]} Rb5 {[%clk 00:05:15]} {[%emt 00:00:16]}
92. Rh8 {[%clk 01:15:31]} {[%emt 00:00:07]} Kg7 {[%clk 00:04:22]} {[%emt
00:01:24]} 93. Re8 {[%clk 01:15:58]} {[%emt 00:00:03]} Kf6 {[%clk 00:04:35]}
{[%emt 00:00:17]} 94. Re5 {[%clk 01:15:51]} {[%emt 00:00:37]} Rb1 {[%clk
00:04:33]} {[%emt 00:00:32]} 95. h5 {[%clk 01:15:21]} {[%emt 00:01:01]} Rg1+
{[%clk 00:04:17]} {[%emt 00:00:45]} 96. Kf3 {[%clk 01:15:48]} {[%emt 00:00:03]}
gxh5 {[%clk 00:04:07]} {[%emt 00:00:41]} 97. Rxh5 {[%clk 01:16:15]} {[%emt
00:00:03]} Rf1+ {[%clk 00:04:08]} {[%emt 00:00:30]} 98. Kg3 {[%clk 01:16:43]}
{[%emt 00:00:02]} Rg1+ {[%clk 00:04:01]} {[%emt 00:00:36]} 99. Kf2 {[%clk
01:17:04]} {[%emt 00:00:09]} Ra1 {[%clk 00:04:11]} {[%emt 00:00:19]} 100. Ke3
{[%emt 00:00:06]} Re1+ 101. Kf2 {[%clk 01:17:28]} Ra1 102. Ke3 {[%emt
00:03:38]} Re1+ {[%clk 00:04:04]} 103. Kf2 {[%clk 01:17:48]} Ra1 {[%clk
00:04:11]} 104. Re5 {[%clk 01:18:02]} Ra3 {[%clk 00:04:02]} 105. Re8 {[%clk
01:18:21]} Rb3 {[%clk 00:04:02]} 106. Rf8+ {[%clk 01:18:44]} Ke7 {[%clk
00:04:14]} 107. Rf5 {[%clk 01:19:12]} Ke6 {[%clk 00:04:25]} 108. Rg5 {[%clk
01:19:33]} {[%emt 00:00:05]} Kf6 {[%clk 00:04:40]} {[%emt 00:00:14]} 109. Re5
{[%clk 01:19:42]} {[%emt 00:00:21]} Ra3 {[%clk 00:04:59]} {[%emt 00:00:11]} 110.
Re3 {[%clk 01:20:10]} {[%emt 00:00:02]} Rxe3 {[%clk 00:03:49]} {[%emt
00:01:41]} 111. Kxe3 {[%clk 01:20:38]} {[%emt 00:00:02]} Kf5 {[%clk 00:04:08]}
{[%emt 00:00:11]} 112. Kf3 {[%clk 01:21:04]} {[%emt 00:00:03]} Kf6 {[%clk
00:04:31]} {[%emt 00:00:08]} 113. Ke4 {[%clk 01:21:33]} {[%emt 00:00:02]} Ke6
{[%clk 00:04:49]} {[%emt 00:00:11]} 114. f5+ {[%clk 01:21:59]} {[%emt
00:00:04]} Kf6 {[%clk 00:05:09]} {[%emt 00:00:10]} 115. Kf4 {[%clk 01:22:25]}
{[%emt 00:00:04]} Kf7 {[%clk 00:05:17]} {[%emt 00:00:22]} 116. Ke5 {[%clk
01:22:52]} {[%emt 00:00:03]} Ke7 {[%clk 00:05:36]} {[%emt 00:00:10]} 117. f6+
{[%clk 01:23:14]} {[%emt 00:00:07]} Kf7 {[%clk 00:05:52]} {[%emt 00:00:14]} 118.
Kf5 {[%clk 01:23:37]} {[%emt 00:00:07]} Kf8 {[%clk 00:06:16]} {[%emt 00:00:06]}
119. Ke6 {[%clk 01:23:50]} {[%emt 00:00:17]} Ke8 {[%clk 00:06:38]} {[%emt
00:00:09]} 120. f7+ {[%clk 01:24:15]} {[%emt 00:00:05]} Kf8 {[%clk 00:07:00]}
{[%emt 00:00:07]} 121. Kf6 {[%emt 00:00:02]} 1/2-1/2